000 00493nam a2200181Ia 4500
003 GCL
008 140319s9999 xx 000 0 ara d
040 _aGCL /
_cGCL
082 0 4 _a818.83
_bش.ط
100 1 _aشريف حتاتة
245 1 0 _aطريق الملح والحب /
_cشريف حتاتة
260 _a[S.N] :
_bدار المستقبل العربى ،
_c1983
300 _a247 ص
490 _a
650 0 4 _aالادب العربى
650 0 4 _aالقصص
942 _2ddc
_cBK
999 _c53142
_d53142